Digitalizácia podnikových procesov v podmienkach spoločnosti Faurecia Automotive Slovakia s. r. o.

Saved in:
Bibliographic Details
Main Author: Slávik, Samuel (Author)
Other Authors: Šugár, Peter (Thesis advisor)
Format: Manuscript Book
Language:Slovak
Published: 2023
Subjects:
Online Access:http://is.stuba.sk/zp/portal_zp.pl?podrobnosti=171184
Tags: Add Tag
No Tags, Be the first to tag this record!

MARC

LEADER 00000ntm a22000003a 4500
001 stuzp93681
003 SK-STU
005 20230909215744.7
007 ta
008 150427s2015----xo-----f-mn---000-0-slo-d
040 |a STU  |b slo 
041 0 |a slo 
100 1 |a Slávik, Samuel  |u 063000  |4 aut  |U MTF Materiálovotechnologická fakulta  |T MTF Ústav výrobných technológií  |X 96762  |U M3000  |Y 83  |7 96762 
242 0 1 |a Digitalization of production processes in the company Faurecia Automotive Slovakia  |y eng 
245 1 0 |a Digitalizácia podnikových procesov v podmienkach spoločnosti Faurecia Automotive Slovakia s. r. o. 
260 |c 2023 
650 4 |a digitalizácia  |2 slo 
650 4 |a výroba  |2 slo 
650 4 |a montáž  |2 slo 
650 4 |a digitalizačné systémy  |2 slo 
650 4 |a štandardizovaná práca  |2 slo 
650 4 |a digitization  |2 eng 
650 4 |a digitization systems  |2 eng 
650 4 |a production  |2 eng 
650 4 |a assembly  |2 eng 
650 4 |a standardized work  |2 eng 
700 1 |a Šugár, Peter  |u 063200  |k Z1  |4 ths  |U MTF Ústav výrobných technológií  |T MTF Katedra obrábania a počítačovej podpory technológií  |X 3552  |U M3200  |Y 164  |7 A000003552 
856 4 |u http://is.stuba.sk/zp/portal_zp.pl?podrobnosti=171184 
996 |c M* DP-15239  |l MMSKP  |s P  |a 0  |w stuzp93681_0001